Tacna and Arica: An account of the Chile, Peru boundary dispute and of the arbitrations by United States

Shranjeno v:
Bibliografske podrobnosti
Glavni avtor: Dennis, William Jefferson (Author)
Format: Knjiga
Jezik:angleščina
Izdano: New Haven Yale University Press 1931
Izdaja:1a. ed
Teme:
Oznake: Označite
Brez oznak, prvi označite!

MARC

LEADER 00000nam a2200000 a 4500
001 UCJ4977
003 CL-VaPUC
008 070124e19310000US |||||||||||||||||eng|d
082 0 4 |a 983  |b DEN  |2 21 
100 0 |a Dennis, William Jefferson  |e author  |9 509587 
245 1 0 |a Tacna and Arica: An account of the Chile, Peru boundary dispute and of the arbitrations by United States 
250 |a 1a. ed 
300 |a xviii, 332 p 
942 |c BK 
945 |d 20070124 00:00:00  |a rinostro 
260 |a New Haven  |b Yale University Press  |c 1931 
500 |a Front., mapa de la zona anexada por Chile tras la guerra; mapas e ilustraciones conforme a lo indicado 
650 0 |a Guerra del Pacífico  |9 314886 
650 7 |a PLEBISCITO DE TACNA Y ARICA  |2 CL-VaPUC  |9 314887 
650 0 |a Diplomacia  |9 256483 
650 0 |a Mapas  |9 260844 
650 7 |a DOCUMENTOS  |2 CL-VaPUC  |9 366450 
650 0 |a Ilustraciones  |9 369481 
650 7 |a MARCA TIPOGRAFICA  |2 CL-VaPUC  |9 506100 
650 0 |a Historia de Chile  |9 265473 
651 7 |a CHILE  |2 CL-VaPUC  |9 509588 
651 0 |a Perú  |9 256567 
651 7 |a MORRO DE ARICA  |2 CL-VaPUC  |9 509589 
583 |a last modification  |c 20070124 00:00:00  |k Rodrigo Vera 
999 |c 321091  |d 321089 
952 |0 0  |1 0  |4 0  |6 983_000000000000000_DEN_1931  |7 0  |8 X  |9 399753  |a FDOBUD  |b FDOBUD  |d 2019-11-22  |i 1028464  |o 983 DEN 1931  |p 1028464  |r 2019-11-22  |w 2019-11-22  |y BK_X  |k BUD 
952 |0 0  |1 0  |4 0  |6 983_000000000000000_DEN_1931  |7 0  |8 X  |9 399754  |a FDOBUD  |b FDOBUD  |d 2019-11-22  |i 1036491  |o 983 DEN 1931  |p 1036491  |r 2019-11-22  |w 2019-11-22  |y BK_X  |k BUD